| 000 | 01741nam a22004577a 4500 | ||
|---|---|---|---|
| 003 | OSt | ||
| 005 | 20230525091053.0 | ||
| 008 | 221006b |||||||| |||| 00| 0 eng d | ||
| 040 | _cBiblioteca Lado V | ||
| 082 |
_a700 _bA786l |
||
| 110 |
_9830 _aARTEDER _eEditor |
||
| 245 |
_aLAPIZ/ _bRevista Mensual de Arte/ |
||
| 260 |
_bFeria internacional de Bilbao _c2000 _aEspaña |
||
| 300 |
_c22x29cm _a204p. |
||
| 366 | _espa | ||
| 490 |
_a158-159 _vXIX |
||
| 505 | _aCartografía Artística | ||
| 505 | _aCultura y Sociedad en Argentina | ||
| 505 | _aMovimientos Artisticos en Argentina desde las vanguardias | ||
| 505 | _aVanguardia, Internacionalismo y Politica | ||
| 505 | _aArte concreto, Neoconcreto y Posconcreto | ||
| 505 | _aConceptualismo en Argentina CAI | ||
| 505 | _aLo Grotesco, lo paródico y el Kitsch | ||
| 505 | _aNuevas tendencias, Nuevos artistas | ||
| 505 | _aLa escultura Argentina | ||
| 505 | _aFotografia Argentina | ||
| 505 | _aArte Argentino fuera de Argentina | ||
| 505 | _aEl coleccionismo en Buenos Aires | ||
| 505 | _aEl Arte Argentino, una visión desde fuera | ||
| 505 | _aBibliografia y Directorio | ||
| 650 |
_2Tesauro de Arte & Arquitectura _aARTE _9703 |
||
| 650 |
_2Tesauro de Arte & Arquitectura _aARQUITECTURA |
||
| 650 |
_2Tesauro de Arte & Arquitectura _aFOTOGRAFIA _9702 |
||
| 650 |
_2Tesauro de Arte & Arquitectura _aENTREVISTAS |
||
| 650 |
_2Tesauro de Arte & Arquitectura _aARQUEOLOGIA |
||
| 650 |
_2Tesauro de Arte & Arquitectura _aREPORTAJES |
||
| 650 |
_2Tesauro de Arte & Arquitectura _aLIBROS |
||
| 650 |
_2Tesauro de Arte & Arquitectura _aNOTICIAS |
||
| 651 |
_2Tesauro de Arte & Arquitectura _aSUBASTAS |
||
| 942 |
_2ddc _c1 _h700 _iA786l _n0 |
||
| 999 |
_c3726 _d3726 |
||